Name The Main Naruto Characters - Statistics

General Stats
  • This quiz has been taken 280 times
  • The average score is 4 of 8
Answer Stats
Answer % Correct
Naruto
100%
Sasuke
99%
Sakura
98%
Kakashi
96%
Haku
8%
Zabuza
8%
Inari
1%
Tazuna
1%
No matching quizzes found
Score Distribution
Percent of People with Each Score
Percentile by Number Answered
Your Score History
You have not taken this quiz